| 000 | 00373nam a2200133Ia 4500 | ||
|---|---|---|---|
| 008 | 240624s9999 xx 000 0 und d | ||
| 041 | _aeng | ||
| 082 | _a658.406 HOL | ||
| 100 | _aHOLBECHE LINDA | ||
| 245 | _aUNDERSTANDING CHANGE THEORY IMPLEMENTATI | ||
| 260 |
_c2006 _aLondon _bElsevier/Butterworth-Heinemann |
||
| 300 | _axiii, : 455 : p. : cm. ; 23 | ||
| 365 |
_cGBP _b26 |
||
| 999 |
_c23604 _d23604 |
||